000
00331nam a2200133Ia 4500
008
150201s2009 xx 000 0 und d
082
_a
610
_b
H09C
100
_a
CHAPMAN,STEPHAN
245
_a
OXFORD OF RESPIRATORY MEDICINE
250
_a
2ND
260
_b
OXFORD
_a
NEW YORK
_c
2009
650
_a
MEDICINE AND DIAGNOSIS
942
_2
ddc
_c
BK
999
_c
797
_d
797